[Event "Buenos Aires Duchamp Boca op 3rd"]
[Site "Buenos Aires"]
[Date "2013.06.26"]
[Round "6"]
[White "Hoeschele, Hermann"]
[Black "Bradford, Axel"]
[Result "1-0"]
[WhiteElo "1757"]
[BlackElo "1946"]
[PlyCount "123"]
[EventDate "2013.06.20"]
[EventType "swiss"]
[EventRounds "9"]
[EventCountry "ARG"]
[SourceTitle "CBM 155 Extra"]
[Source "ChessBase"]
[SourceDate "2013.08.26"]
[SourceVersion "1"]
[SourceVersionDate "2013.08.26"]
[SourceQuality "1"]

1. d4 d5 2. Nf3 Nf6 3. c4 e6 4. g3 c6 5. Qc2 dxc4 6. Qxc4 b5 7. Qc2 Bb7 8. Bg2 Nbd7 9. 0-0 c5 10. Bg5 Rc8 11. Qb3 a6 12. a4 c4 13. Qe3 Be7 14. axb5 axb5 15. b3 Nd5 16. Qd2 c3 17. Qc1 c2 18. Na3 Nc3 19. Re1 Be4 20. Bxe7 Qxe7 21. Nd2 Bxg2 22. Kxg2 Nd5 23. Nxc2 Qd6 24. Qb2 Qc6 25. e4 Qxc2 26. Qxc2 Rxc2 27. Ra8+ Ke7 28. Rxh8 Rxd2 29. exd5 Rxd4 30. dxe6 Nf8 31. Ra1 Nxe6 32. Rxh7 Rb4 33. Rb1 g5 34. h4 g4 35. Rh5 Nd4 36. Rd5 Kf6 37. h5 Nf5 38. Rd3 Kg5 39. Rc1 Kxh5 40. Rc5 Kg6 41. Rdd5 Ne7 42. Rg5+ Kf6 43. Rxb5 Rd4 44. Rgc5 Rd2 45. Rc4 Nd5 46. Kf1 Ke6 47. Rxg4 Rd1+ 48. Kg2 Rd2 49. Re4+ Kf5 50. Rf4+ Ke6 51. Rf3 f5 52. Rb8 f4 53. gxf4 Kf5 54. Kg3 Rd1 55. Rf8+ Nf6 56. Re3 Rd6 57. Re5+ Kg6 58. Rg5+ Kh6 59. Rh8+ Nh7 60. Kg4 Rd4 61. Rh5+ Kg6 62. R8xh7 1-0

[Event "Buenos Aires Duchamp Boca op 3rd"]
[Site "Buenos Aires"]
[Date "2013.06.25"]
[Round "5"]
[White "Bradford, Axel"]
[Black "Denon, Nicole"]
[Result "0-1"]
[WhiteElo "1946"]
[BlackElo "1738"]
[PlyCount "70"]
[EventDate "2013.06.20"]
[EventType "swiss"]
[EventRounds "9"]
[EventCountry "ARG"]
[SourceTitle "CBM 155 Extra"]
[Source "ChessBase"]
[SourceDate "2013.08.26"]
[SourceVersion "1"]
[SourceVersionDate "2013.08.26"]
[SourceQuality "1"]

1. d4 Nf6 2. c4 e5 3. e3 Nc6 4. a3 d6 5. Nc3 g6 6. Nf3 Bf5 7. dxe5 dxe5 8. Qxd8+ Rxd8 9. Nd2 Bg7 10. Nd5 Nxd5 11. cxd5 Ne7 12. e4 Bd7 13. Bc4 c6 14. dxc6 Nxc6 15. 0-0 Nd4 16. Nb3 Bc6 17. f3 0-0 18. Bg5 Rd7 19. Rad1 h6 20. Nxd4 Rxd4 21. Rxd4 exd4 22. Bc1 Rc8 23. Bb3 Bb5 24. Re1 d3 25. h3 a5 26. a4 Ba6 27. f4 Bd4+ 28. Kh2 b5 29. Rd1 bxa4 30. Bxa4 Rc4 31. Bd7 Rc2 32. Ba4 Re2 33. e5 Bb7 34. Rd2 Be3 35. Bd1 Bxf4+ 0-1